Closest US Capitals to the White House Quiz Stats

 Plays Quiz Updated Jan 6, 2016

Challenge
Share
Tweet
Embed
Score 0/10 Timer 03:00
1 Play Today
State Capital % Correct
Annapolis, Maryland
92%
Richmond, Virginia
91.1%
Dover, Delaware
89.7%
Albany, New York
88.3%
Harrisburg, Pennsylvania
86.7%
Trenton, New Jersey
84.5%
Raleigh, North Carolina
83.5%
Charleston, West Virginia
83.2%
Columbus, Ohio
75.4%
Hartford, Connecticut
72%

You're not logged in!

Compare scores with friends on all Sporcle quizzes.
OR
Log In

You Might Also Like...

Show Comments

Extras

Top Quizzes Today


Score Distribution

Your Account Isn't Verified!

In order to create a playlist on Sporcle, you need to verify the email address you used during registration. Go to your Sporcle Settings to finish the process.

Report this User

Report this user for behavior that violates our Community Guidelines.

Details: